| 000 | 01089cab a2200217 4500 | ||
|---|---|---|---|
| 001 | ABS67586 | ||
| 008 | 040311n2004 000 0 eng u | ||
| 035 | _a(Sirsi) u125405 | ||
| 245 | _aExcuse me, I'll feel that again | ||
| 260 | _c2004 | ||
| 490 |
_aBuilding Engineer _v79(3) March 2004, 20-21(2) |
||
| 520 | _aConcentrates on the aspects of the Disability Discrimination Act 1995 which concern visually impaired disabled people. Points out that a relatively small percentage of them can read Braille, so using the system for signage may not be appropriate. Recommends the use of alternative systems, such as low vision aids. Concludes modern designers need to consider practical technological solutions to access problems, which comply with legislation. | ||
| 590 | _aABS | ||
| 650 | _aMANAGEMENT-BUSINESS MANAGEMENT-DISCRIMINATION-DISABILITY DISCRIMINATION-ACCESSIBILITY | ||
| 650 | _aDISABILITY DISCRIMINATION ACT 1995 | ||
| 650 | _aSIGNS | ||
| 650 | _aBRAILLE SIGNS | ||
| 650 | _aVISUALLY IMPAIRED PEOPLE | ||
| 690 | _aBUILT ENVIRONMENT-BUILDING STANDARDS | ||
| 942 | _n0 | ||
| 999 |
_c74261 _d74261 |
||